| Tag |
First Indicator |
Second Indicator |
Subfields |
| LEADER |
00000cam a22000008a 4500 |
| 001 |
in00001994635 |
| 005 |
20151031113537.0 |
| 008 |
021002s2003 ilu b b 001 0 spa |
| 010 |
|
|
|a 2002032947
|
| 020 |
|
|
|a 1403430012 (hardcover)
|
| 020 |
|
|
|a 1403430241 (paper)
|
| 035 |
|
|
|a (OCoLC)ocm50859386
|
| 040 |
|
|
|a DLC
|c DLC
|d DPL
|d TEF
|d TXA
|d UtOrBLW
|
| 041 |
1 |
|
|a spa
|h eng
|
| 042 |
|
|
|a lcac
|
| 043 |
|
|
|a n-us---
|
| 049 |
|
|
|a TXAM
|
| 050 |
0 |
0 |
|a CR113
|b .B5318 2003
|
| 082 |
0 |
4 |
|a 929.9/2/0973
|2 22
|
| 100 |
1 |
|
|a Binns, Tristan Boyer,
|d 1968-
|
| 240 |
1 |
0 |
|a American flag.
|l Spanish
|
| 245 |
1 |
3 |
|a La bandera /
|c Tristan Boyer Binns ; traducción de Julio Fonseca.
|
| 264 |
|
1 |
|a Chicago :
|b Heinemann Library,
|c 2003.
|
| 300 |
|
|
|a 32 pages :
|b color illustrations ;
|c 23 cm.
|
| 336 |
|
|
|a text
|b txt
|2 rdacontent
|
| 337 |
|
|
|a unmediated
|b n
|2 rdamedia
|
| 338 |
|
|
|a volume
|b nc
|2 rdacarrier
|
| 490 |
1 |
|
|a Símbolos de libertad
|
| 520 |
|
|
|a An introduction to the origin and history of the American flag, discussing who designed the first flag, how the flag has changed, and what it looks like today.
|
| 504 |
|
|
|a Includes bibliographical references and index.
|
| 650 |
|
0 |
|a Flags
|z United States
|x History
|v Juvenile literature.
|
| 650 |
|
1 |
|a Flags
|z United States
|x History.
|
| 650 |
|
1 |
|a Spanish language materials.
|
| 650 |
|
7 |
|a Banderas
|z Estados Unidos
|x Historia
|v Literatura juvenil.
|2 bidex
|
| 830 |
|
0 |
|a Símbolos de libertad.
|
| 948 |
|
|
|a cataloged
|b h
|c 2004/9/22
|d c
|e jgreene
|f 11:54:16 am
|
| 994 |
|
|
|a E0
|b TXA
|
| 999 |
|
|
|a MARS
|
| 999 |
f |
f |
|s 4618ceac-7fd2-37bf-aa30-5ace8cdebd12
|i 6f3f7055-fcda-3aa4-884b-0dd4240a4086
|t 0
|
| 952 |
f |
f |
|p ric
|a Texas A&M University
|b Rellis Campus
|c Joint Library Facility
|d Remote Storage
|t 0
|e CR113 .B5318 2003
|h Library of Congress classification
|i unmediated -- volume
|m A14831352071
|
| 998 |
f |
f |
|a CR113 .B5318 2003
|t 0
|l Remote Storage
|